书目信息 |
| 题名: |
合唱指挥的基础与实践
|
|
| 作者: | 房思钊 编著 | |
| 分册: | ||
| 出版信息: | 北京 人民音乐出版社 2006 |
|
| 页数: | 201页 | |
| 开本: | 30cm | |
| 丛书名: | ||
| 单 册: | ||
| 中图分类: | J615.1 , J652.53 | |
| 科图分类: | ||
| 主题词: | 合唱--指挥法 , 合唱--歌曲--世界--选集 , 合唱 , 指挥法 , 歌曲 | |
| 电子资源: | ||
| ISBN: | 7-103-03075-8 | |
| 000 | 00930nam0 2200289 450 | |
| 001 | 003215362 | |
| 005 | 20091208152424.43 | |
| 010 | @a7-103-03075-8@dCNY29.00 | |
| 100 | @a20060124d2006 em y0chiy0110 ea | |
| 101 | 0 | @achi |
| 102 | @aCN@b110000 | |
| 105 | @aag z 000yy | |
| 106 | @ar | |
| 200 | 1 | @a合唱指挥的基础与实践@9he chang zhi hui de ji chu yu shi jian@f房思钊编著 |
| 210 | @a北京@c人民音乐出版社@d2006 | |
| 215 | @a201页@c图@d30cm | |
| 330 | @a本书用形象而直观的比拟进行表述,从合唱指挥的基础入手,主要围绕着音乐的强弱、快慢、连断的对比、音乐重音的处理等方面进行了简述,在手势的基础方面,强调手势运动的科学性与艺术性等。 | |
| 606 | 0 | @a合唱@x指挥法 |
| 606 | 0 | @a合唱@x歌曲@y世界@j选集 |
| 606 | 0 | @a合唱 |
| 606 | 0 | @a指挥法 |
| 606 | 0 | @a歌曲 |
| 690 | @aJ615.1@v4 | |
| 690 | @aJ652.53@v4 | |
| 701 | 0 | @a房思钊@9fang si zhao@4编著 |
| 801 | 0 | @aCN@bNLC@c20091208 |
| 905 | @b20796383-87@dJ615.1@e561@f5 | |
| 合唱指挥的基础与实践/房思钊编著.-北京:人民音乐出版社,2006 |
| 201页:图;30cm |
| ISBN 7-103-03075-8:CNY29.00 |
| 本书用形象而直观的比拟进行表述,从合唱指挥的基础入手,主要围绕着音乐的强弱、快慢、连断的对比、音乐重音的处理等方面进行了简述,在手势的基础方面,强调手势运动的科学性与艺术性等。 |
| ● |
| 相关链接 |
|
|
|
|
正题名:合唱指挥的基础与实践
索取号:J615.1/561
 
预约/预借
| 序号 | 登录号 | 条形码 | 馆藏地/架位号 | 状态 | 备注 |
| 1 | 796383 | 207963836 | 第一样本阅览室/ [索取号:J615.1/561] | 在馆 | |
| 2 | 796384 | 207963845 | 第一借阅区/ [索取号:J615.1/561] | 在馆 | |
| 3 | 796385 | 207963854 | 第一借阅区/ [索取号:J615.1/561] | 在馆 | |
| 4 | 796386 | 207963863 | 第一借阅区/ [索取号:J615.1/561] | 在馆 | |
| 5 | 796387 | 207963872 | 音乐系资料室/ [索取号:J615.1/561] | 在馆 |